| 000 | 00420 a2200133 4500 | ||
|---|---|---|---|
| 001 | 91158 | ||
| 082 | _aPR 1043 | ||
| 090 |
_c43225 _d43225 |
||
| 100 | _aAhmed Chaudhary; Prof Basharatullah and K. M. Tahir (Advisors) | ||
| 245 |
_aStructural Analysis of Tae-Centrifuge bu using SAP-Finite Element Programme _n33 "A" EC |
||
| 260 |
_akarachi _bNED Umiversity _c1991 |
||
| 300 | _aviii;155p | ||
| 500 | _aBE Project Reports | ||
| 942 |
_aCAE NUST _kPR 1043 |
||
| 999 |
_c326231 _d326231 |
||